[Event "MCR mladeze 2019 - D14"]
[Site "Kouty nad Desnou"]
[Date "2019.03.11"]
[Round "3"]
[White "Semova, Lada"]
[Black "Jirotova, Eliska"]
[Result "1/2-1/2"]
[WhiteElo "1441"]
[BlackElo "1250"]
[EventDate "2019.03.09"]

1. d4  d5  2. c4  dxc4
3. Nc3  Nf6  4. Bg5
Bf5  5. Nf3  e6
6. e4  Bg4  7. Be2  Be7
8. Bf4  c6  9. O-O
O-O  10. Qd2  Bb4
11. Bg5  Bxc3  12. Qxc3
Nxe4  13. Bxd8  Nxc3
14. bxc3  Rxd8  15. Bxc4
Bxf3  16. gxf3  Nd7
17. f4  Nf6  18. Kg2
Nd5  19. Bxd5  exd5
20. Rab1  b6  21. Rbc1
c5  22. Kf3  Re8
23. Rfe1  f6  24. Rxe8+
Rxe8  25. dxc5  bxc5
26. Rd1  Rd8  27. Ke3
Kf7  28. f5  Ke7
29. Rb1  Rd7  30. Rg1
Kd6  31. f4  Kc6
32. Kd3  a5  33. a4
Re7  34. h4  h5
35. Kc2  Kd7  36. Rd1  Kc6
37. Rf1  d4  38. cxd4
cxd4  39. Kd3  Kd5
40. Rb1  Re3+  41. Kd2
Kc4  42. Rb5  Rd3+
43. Ke2  Ra3  44. Rxa5
d3+  45. Kd2  Ra2+
46. Kd1  Kc3  47. Rc5+
Kd4  48. Rc7  Ke3
49. Re7+  Kxf4  50. Rxg7
Kxf5  51. Ra7  Ke4
52. a5  Ke3  53. Re7+
Kd4  54. Ra7  Kc3
55. Rc7+  Kb4  56. Ra7
f5  57. a6  f4
58. Ra8  f3  59. a7  f2
60. Rb8+  Kc3  61. Rc8+
Kb4  62. Rb8+  Kc5
63. Rf8  Kc4  64. Rxf2
Rxa7  65. Rf5  Ra1+
66. Kd2  Ra2+  67. Kd1
Kc3  68. Rc5+  1/2-1/2

[Event "MCR mladeze 2019 - D14"]
[Site "Kouty nad Desnou"]
[Date "2019.03.11"]
[Round "3"]
[White "Smajzrova, Dominika"]
[Black "Hosova, Sandra"]
[Result "0-1"]
[WhiteElo "1400"]
[BlackElo "1148"]
[EventDate "2019.03.09"]

1. e4 c5 2. Nc3 Nc6 3. g3 g6 4. Bg2 Bg7 5. f4 d6 6. Nf3 Nf6 7. O-O O-O 8. d3 Bg4
9. h3 Bd7 10. g4 Qc8 11. Nh2 h5 12. g5 Nh7 13. Qf3 Nd4 14. Qf2 Bxh3 15. Bxh3 Qxh3
16. Qg2 Qxg2+ 17. Kxg2 Nxc2 18. Rb1 Rab8 19. Nd5 e6 20. Ne3 Nb4 21. a3 Nxd3 22.
Nc4 Rfd8 23. Na5 Nxc1 24. Rfxc1 e5 25. Rf1 exf4 26. Rxf4 Nxg5 27. b4 Be5 28. Rh4
Bxh2 29. Rxh2 Nxe4 30. Re1 Nf6 31. Rd1 Rd7 32. Nc4 Rbd8 33. Rh3 cxb4 34. axb4 d5
35. Ne5 Re7 36. Re3 Rde8 37. Rf1 Rxe5 38. Rxe5 Rxe5 39. Rxf6 Rg5+ 40. Kh3 Rg4 41.
b5 Rb4 42. Rd6 Rxb5 43. Rd8+ Kg7 44. Rd7 a5 45. Re7 Rb4 46. Re2 a4 47. Kg3 a3 48.
Ra2 Ra4 49. Kf3 b5 50. Ke3 b4 51. Ra1 b3 0-1

[Event "MCR mladeze 2019 - D14"]
[Site "Kouty nad Desnou"]
[Date "2019.03.11"]
[Round "3"]
[White "Pluharova, Asja"]
[Black "Nagyova, Daniela"]
[Result "1/2-1/2"]
[WhiteElo "1143"]
[BlackElo "1397"]
[EventDate "2019.03.09"]

1. e4  e5  2. Nf3  Nc6
3. d4  exd4  4. Nxd4
Nf6  5. Nc3  Bb4
6. Nxc6  bxc6  7. Bd3
d5  8. exd5  cxd5
9. O-O  O-O  10. Bg5
c6  11. a3  Bd6
12. Ne2  Be5  13. Rb1  Bg4
14. Qd2  Qd6  15. f4
Qc5+  16. Kh1  Bc7
17. Bxf6  gxf6  18. h3
Bd7  19. Ng3  Kh8
20. Qe2  d4  21. Ne4
Qe7  22. Qh5  f5
23. Ng5  f6  24. Rbe1
Qg7  25. Ne6  Bxe6
26. Rxe6  Rg8  27. g4
fxg4  28. hxg4  Rgf8
29. Rfe1  Qf7  30. Qh6
Qg7  31. Qh5  Qf7
32. Qh4  Qg8  33. Re7
f5  34. Bxf5  Rxf5
35. gxf5  Qd5+  36. R1e4
Qxf5  37. Re8+  Rxe8
38. Rxe8+  Kg7  39. Qe7+
Kh6  40. Qe6+  Qxe6
41. Rxe6+  Kh5  42. f5
c5  43. f6  Kg6
44. Re7  Bd8  45. Rxa7  Bxf6
46. a4  c4  47. Rb7
d3  48. cxd3  cxd3
49. b4  Kf5  50. Rxh7
Ke4  51. Rh2  Bc3
52. Rh4+  Ke3  53. Rh3+
Kd2  54. b5  Ba5
55. Kg1  Kc2  56. Kf1
d2  57. Rh2  Kc1
58. Rxd2  Kxd2  59. Kf2
Kc3  60. Ke3  Kb4
61. Kd4  Kxa4  62. Kc5
Bd8  63. Kc6  Ka5
64. Kc5  Bb6+  65. Kc4
Ka4  66. Kd5  Kxb5
1/2-1/2

[Event "MCR mladeze 2019 - D14"]
[Site "Kouty nad Desnou"]
[Date "2019.03.11"]
[Round "3"]
[White "Zemanova, Nikola"]
[Black "Glasbergerova, Lucie"]
[Result "1-0"]
[WhiteElo "1387"]
[BlackElo "1138"]
[EventDate "2019.03.09"]

1. d4 d5 2. c4 dxc4 3. Nc3 Nc6 4. d5 Ne5 5. Bf4 Ng6 6. Bg3 Bd7 7. e4 Nf6 8. Bxc4
c6 9. f3 e6 10. dxe6 Bxe6 11. Bxe6 fxe6 12. Nge2 Bc5 13. Qb3 Qe7 14. O-O-O O-O
15. Rd3 Rad8 16. Rhd1 Rxd3 17. Rxd3 Kh8 18. Nf4 Nxf4 19. Bxf4 Nh5 20. Bg3 Nxg3
21. hxg3 Rf6 22. e5 Rf8 23. Ne4 Bb6 24. Rd6 Re8 25. Qd3 Rd8 26. Kb1 Bc7 27. Rxd8+
Bxd8 28. Qd6 Kg8 29. Nc5 Kf7 30. Nxb7 Qc7 31. Nxd8+ 1-0

[Event "MCR mladeze 2019 - D14"]
[Site "Kouty nad Desnou"]
[Date "2019.03.11"]
[Round "3"]
[White "Stastna, Alena"]
[Black "Ruzickova, Ema"]
[Result "0-1"]
[WhiteElo "1126"]
[BlackElo "1363"]
[EventDate "2019.03.09"]

1. e4 e5 2. Nf3 Nc6 3. Bb5 f5 4. exf5 e4 5. Qe2 Nf6 6. d4 Qe7 7. Ng5 Nxd4 8. Qc4
Nxb5 9. Qxb5 c6 10. Qe2 h6 11. Nh3 d5 12. Nf4 Bxf5 13. Nc3 Qf7 14. a3 Bd6 15. O-O
g5 16. Nd3 O-O-O 17. Nb4 Qe6 18. Be3 c5 19. Nba2 d4 20. Bxd4 cxd4 21. Nb5 Kb8 22.
Nxd4 Qe5 23. Qe3 Qxh2# 0-1

[Event "MCR mladeze 2019 - D14"]
[Site "Kouty nad Desnou"]
[Date "2019.03.11"]
[Round "3"]
[White "Vlachynska, Lilian"]
[Black "Maresova, Michaela"]
[Result "0-1"]
[WhiteElo "1108"]
[BlackElo "1335"]
[EventDate "2019.03.09"]

1. e4  e6  2. d4  d5
3. e5  c5  4. c3
Qb6  5. Nf3  Nc6
6. a3  Bd7  7. b4
cxd4  8. cxd4  a6
9. Be3  Nge7  10. Bd3
Ng6  11. O-O  Be7
12. Nc3  O-O  13. Ng5
Bxg5  14. Bxg5  Qxd4
15. Qd2  Ngxe5  16. Bc2
Qxd2  17. Bxd2  Nc4
18. Bf4  Rac8  19. h3
Nd4  20. Bd3  Nb2
21. Be5  Nb3  22. Be2
Nxa1  23. Rxa1  f6
24. Bd4  Rfe8  25. Rb1
Nc4  26. Ra1  Nd6
27. Nd1  e5  28. Bb2
Bb5  29. Bxb5  Nxb5
30. f3  Rc2  31. Rb1
d4  32. Nf2  Rd8
33. Nd3  Nc3  34. Bxc3
Rxc3  35. Nf2  d3
36. Kf1  d2  37. Ke2
Rc1  38. Rxc1  dxc1=Q
39. a4  Rd2+  40. Ke3
Rd1+  41. Ke2  Qd2#
0-1

[Event "MCR mladeze 2019 - D14"]
[Site "Kouty nad Desnou"]
[Date "2019.03.11"]
[Round "3"]
[White "Stavova, Helena"]
[Black "Merinska, Julie"]
[Result "0-1"]
[WhiteElo "1068"]
[BlackElo "1044"]
[EventDate "2019.03.09"]

1. e4  e5  2. Bc4  Nf6
3. d4  Nxe4  4. Qd3
Qh4  5. Qf3  Nf6
6. Qe3  Qxd4  7. Qxd4
exd4  8. Nf3  Bc5
9. Bf4  d6  10. c3
dxc3  11. Nxc3  Be6
12. Bd3  Nc6  13. O-O
Nd4  14. Nxd4  Bxd4
15. Nb5  Nd5  16. Nxd4
Nxf4  17. Be4  Bd5
18. Rfe1  O-O  19. Rac1
c6  20. Nf5  Bxe4
21. Rxe4  Nd3  22. Rc3
d5  23. Re7  Nxb2
24. Rxb7  Nc4  25. Ne7+
Kh8  26. Nxc6  Rfe8
27. g3  Rac8  28. Nxa7
Rcd8  29. Rxf7  Kg8
30. Rf5  Ne5  31. f4
d4  32. Rc1  Nf3+
33. Kf2  Nd2  34. Rd1
Nc4  35. Nc6  Ne3
36. Nxd8  Nxd1+  37. Kf3
Rxd8  38. a4  Nc3
39. a5  d3  40. Rc5
d2  41. Rxc3  d1=Q+
42. Ke3  Qd2+  43. Ke4
Qxc3  44. a6  Qc6+
45. Ke3  Qxa6  46. h4
Qa3+  47. Ke4  Qxg3
48. Kf5  Qg6+  49. Ke5
Re8+  50. Kd4  Qd6+
51. Kc4  Rc8+  52. Kb5
Qb8+  53. Ka6  Qb1
54. Ka7  Rc2  55. Ka6
Ra2# 0-1

[Event "MCR mladeze 2019 - D16"]
[Site "Kouty nad Desnou"]
[Date "2019.03.11"]
[Round "3"]
[White "Rolinkova, Lucie"]
[Black "Dvorakova, Olga"]
[Result "1/2-1/2"]
[WhiteElo "1639"]
[BlackElo "1715"]
[EventDate "2019.03.09"]

1. d4  Nf6  2. Bf4  e6
3. Nf3  b6  4. e3
Bb7  5. Nbd2  Be7
6. h3  O-O  7. c3
Ne4  8. Nxe4  Bxe4
9. Bd3  f5  10. Qc2
d5  11. Rg1  Nd7
12. Ne5  Nxe5  13. Bxe5
Bd6  14. Bxd6  Qxd6
15. O-O-O  c5  16. f3
Bxd3  17. Qxd3  c4
18. Qc2  Qg3  19. e4
fxe4  20. fxe4  Rf2
21. Rd2  Qe3  22. Rgd1
dxe4  23. Qa4  Rxd2
24. Rxd2  Rf8  25. Kc2
Qh6  26. Qxc4  e3
27. Re2  Rf2  28. Qc8+
Kf7  29. Qc7+  Kg8
30. Qb8+  Kf7  31. Qc7+
Kg8  32. Qb8+  Kf7
33. Qc7+  1/2-1/2

[Event "MCR mladeze 2019 - D16"]
[Site "Kouty nad Desnou"]
[Date "2019.03.11"]
[Round "3"]
[White "Vavrinkova, Anna"]
[Black "Otrubova, Kristyna"]
[Result "0-1"]
[WhiteElo "1543"]
[BlackElo "1680"]
[EventDate "2019.03.09"]

1. e4  c5  2. Nf3  d6
3. Bb5+  Nd7  4. c3
a6  5. Ba4  b5
6. Bc2  g6  7. O-O  Bg7
8. d3  Ngf6  9. h3
O-O  10. Be3  Qc7
11. Nbd2  Bb7  12. Rc1
Rac8  13. Bf4  Qd8
14. Qe2  e5  15. Bh2
Ne8  16. Ne1  d5
17. exd5  Bxd5  18. Bb3
Bxb3  19. Nxb3  Qb6
20. Kh1  Nc7  21. f4
exf4  22. Bxf4  Nd5
23. Bd2  Rce8  24. Qf2
Qd6  25. Rd1  Re6
26. Nf3  Qe7  27. Rfe1
Rxe1+  28. Rxe1  Qd6
29. Ng5  N5f6  30. Qf1
Qg3  31. Bf4  Qh4
32. Kg1  Bh6  33. g3
Qh5  34. h4  Qg4
35. Kh2  Qf5  36. Bd6
Qxf1  37. Rxf1  Rc8
38. Nxc5  Nxc5  39. Bxc5
Ng4+  40. Kh3  f5
41. Ne6  Rc6  42. Re1
Be3  43. Bxe3  Rxe6
44. Bd2  Nf2+  45. Kg2
Rxe1  46. Bxe1  Nxd3
47. Bf2  Nxb2  48. Bd4
Kf7  49. Kf3  Nc4
50. Kf4  Nd2  51. Ke3
Ne4  52. Kf4  h5
53. Kf3  Ke6  54. Kf4
Kd5  55. Kf3  b4
56. Kf4  bxc3  57. Be3
Kc4  58. Kf3  Kd3
59. Bc1  Kc2  60. Ba3
Kb1  0-1

[Event "MCR mladeze 2019 - D16"]
[Site "Kouty nad Desnou"]
[Date "2019.03.11"]
[Round "3"]
[White "Gregurkova, Nikola"]
[Black "Laurincova, Kristyna"]
[Result "1-0"]
[WhiteElo "1687"]
[BlackElo "2108"]
[EventDate "2019.03.09"]

1. e4  c5  2. Nf3  Nc6
3. Bb5  g6  4. Bxc6
bxc6  5. O-O  Bg7
6. Re1  Rb8  7. c3
Nf6  8. d4  Qa5
9. Nbd2  cxd4  10. cxd4  O-O
11. Nb3  Qh5  12. Qd3
d6  13. Bd2  Rb6
14. Bc3  Ba6  15. Qc2
Rc8  16. Rad1  Bc4
17. Nc1  Be6  18. b3
d5  19. e5  Ne4
20. Nd3  Bg4  21. Bb2  Bh6
22. Bc1  Bxc1  23. Rxc1
Bxf3  24. gxf3  Qxf3
25. Re3  Qf5  26. Nc5
Qg4+  27. Kh1  Ng5
28. Rg1  Qf4  29. Rgg3
Kg7  30. Qd2  h5
31. h3  Rh8  32. Kg2
Qf5  33. Qd3  Qxd3
34. Rxd3  Nh7  35. h4
e6  36. Rc3  Rc8
37. Rc2  Rb4  38. Rd3
g5  39. hxg5  Nxg5
40. Rg3  Kh6  41. Rd2
h4  42. Rgd3  Rg8
43. Kh2  Rg6  44. f4
Nh7  45. Rg2  Nf8
46. a3  Rb8  47. Rdd2
a5  48. Rdf2  Kh5
49. Kh3  Nh7  50. Rxg6
fxg6  51. Rf3  g5
52. Kg2  g4  53. Rc3
Nf8  54. Kf2  Kg6
55. Ke3  Kf5  56. Nd3
Ng6  57. Rxc6  Rb7
58. Nc5  Re7  59. Nd3
h3  60. Rc1  h2
61. b4  g3  62. Kf3  Rh7
63. Rh1  Rh3  64. Kg2
Nh4+  65. Kxh3  g2
66. Kxh2  gxh1=Q+  67. Kxh1
axb4  68. axb4  Ke4
69. b5  Nf5  70. Nc5+
Kxf4  71. Nxe6+  Ke4
72. b6  Ne7  73. Nd8 1-0

[Event "MCR mladeze 2019 - D16"]
[Site "Kouty nad Desnou"]
[Date "2019.03.11"]
[Round "3"]
[White "Leksova, Sona"]
[Black "Huskova, Agata"]
[Result "0-1"]
[WhiteElo "1432"]
[BlackElo "1406"]
[EventDate "2019.03.09"]

1. e4 e5 2. Nf3 Nc6 3. Bb5 a6 4. Bxc6 dxc6 5. d4 exd4 6. Qxd4 Qxd4 7. Nxd4 Nf6 8.
f3 Bd6 9. O-O O-O 10. Kh1 Bd7 11. Nc3 Rfe8 12. Bg5 Nh5 13. Nde2 h6 14. g4 hxg5
15. gxh5 f6 16. Rad1 Bh3 17. Rfe1 Kf7 18. Ng1 Be6 19. Rf1 Rh8 20. Nce2 Rxh5 21.
f4 gxf4 22. Nf3 Bc4 23. Rf2 Bxe2 24. Rxe2 Re8 25. Rdd2 Ra5 26. a3 Ra4 27. Rd4
Rxd4 28. Nxd4 Be5 29. c3 Bxd4 30. cxd4 Rd8 31. Rd2 Ke6 32. Kg2 c5 33. d5+ Ke5 34.
Kf3 f5 35. Re2 g5 36. h3 fxe4+ 37. Rxe4+ Kxd5 38. Re7 Rh8 39. Kg4 Rh4+ 40. Kxg5
Rxh3 41. Kxf4 Rb3 42. Rxc7 Rxb2 43. Rd7+ Kc4 44. Ke4 Rb3 45. a4 b6 46. Ra7 a5 47.
Ra6 Rb4 48. Ke3 Rxa4 49. Rxb6 Kc3 50. Rb5 Kc4 51. Rb7 Ra3+ 52. Kd2 a4 53. Kc2
Rc3+ 54. Kd2 a3 55. Ra7 Rh3 56. Kc1 Kb3 57. Rb7+ Kc3 58. Kb1 Rh2 59. Ka1 Rb2 60.
Rf7 Rd2 61. Rb7 c4 62. Rb1 Kd3 63. Rc1 c3 0-1

[Event "MCR mladeze 2019 - D16"]
[Site "Kouty nad Desnou"]
[Date "2019.03.11"]
[Round "3"]
[White "Steinova, Kamila"]
[Black "Souckova, Viktorie"]
[Result "1-0"]
[WhiteElo "1378"]
[BlackElo "1159"]
[EventDate "2019.03.09"]

1. e4  e5  2. Nf3  Nc6
3. Bc4  h6  4. Nc3
Nf6  5. O-O  Bc5
6. d3  d6  7. h3
Nd4  8. Be3  Nxf3+
9. Qxf3  Bxe3  10. fxe3
Qe7  11. Nd5  Nxd5
12. Bxd5  f6  13. Qh5+
Kd8  14. Qg6  c6
15. Bb3  h5  16. Bf7
Qf8  17. Bb3  Rh6
18. Qg3  h4  19. Qf3
Rg6  20. d4  Rg3
21. Qe2  Bxh3  22. Rf2
Bg4  23. Qd2  h3
24. Kh2  Rxg2+  25. Rxg2
hxg2  26. Kxg2  Qh8
27. dxe5  Qh3+  28. Kg1
Qg3+  29. Kf1  Bh3+
30. Ke2  Bg4+  31. Kd3
Qxe5  32. Qg2  Qg5
33. Rg1  f5  34. exf5
Bxf5+  35. e4  Qxg2
36. Rxg2  Bd7  37. Rxg7
Kc7  38. Be6  Rd8
39. Kd4  Kc8  40. Rxd7
Rxd7  41. Bxd7+  Kxd7
42. c4  Ke6  43. b4
b6  44. b5  c5+
45. Kd3  Kf6  46. Ke2  Kg5
47. Kf3  Kh4  48. Kf4
Kh3  49. e5  dxe5+
50. Kxe5  Kg4  51. Kd6
Kf4  52. Kc7  Ke4
53. Kb7  Kd4  54. Kxa7
Kxc4  55. Kxb6  Kb4
56. a3+  Ka4  57. Kxc5
Ka5  58. Kc6  1-0

[Event "MCR mladeze 2019 - D16"]
[Site "Kouty nad Desnou"]
[Date "2019.03.11"]
[Round "3"]
[White "Vsetulova, Viktorie"]
[Black "Saskova, Renata"]
[Result "1-0"]
[WhiteElo "1306"]
[BlackElo "1284"]
[EventDate "2019.03.09"]

1. e4  c5  2. d4  cxd4
3. c3  dxc3  4. Nxc3
e6  5. Bc4  Bb4
6. Nf3  d6  7. O-O  Nc6
8. Qe2  Nge7  9. Rd1
Ng6  10. Bb5  Bxc3
11. bxc3  a6  12. Bxc6+
bxc6  13. e5  d5
14. Ba3  f6  15. Rab1
Kf7  16. Qe3  Bd7
17. Rb7  Re8  18. Rdb1
Kg8  19. exf6  gxf6
20. Qh6  Rc8  21. Bd6
Nh8  22. R1b4  Nf7
23. Rg4+  Ng5  24. Nxg5
Re7  25. Nf7+  Kxf7
26. Qg7+  Ke8  27. Qg8# 1-0

[Event "MCR mladeze 2019 - H10"]
[Site "Kouty nad Desnou"]
[Date "2019.03.11"]
[Round "3"]
[White "Veverka, Vladimir"]
[Black "Juhanak, Daniel"]
[Result "1/2-1/2"]
[WhiteElo "1347"]
[BlackElo "1586"]
[EventDate "2019.03.09"]

1. d4  f5  2. c4  Nf6
3. Nc3  g6  4. Nf3
Bg7  5. g3  O-O
6. Bg2  d6  7. O-O  Nbd7
8. Qc2  e5  9. dxe5
Nxe5  10. Nxe5  dxe5
11. e4  c6  12. b3
Nh5  13. h3  f4
14. g4  f3  15. gxh5  fxg2
16. Kxg2  Qh4  17. Qd3
Qxh5  18. Rh1  Qh4
19. Be3  Bh6  20. Rad1
Be6  21. Qe2  Bf4
22. Rd3  Qg5+  23. Kf1
Bxe3  24. Qxe3  Qh4
25. Qg3  Qf4  26. Ke2
Rf6  27. Rf3  Qxf3+
28. Qxf3  Rxf3  29. Kxf3
Rd8  30. Ke2  Rd4
31. Ke3  Rd7  32. Na4 b6 33. c5
1/2-1/2

[Event "MCR mladeze 2019 - H10"]
[Site "Kouty nad Desnou"]
[Date "2019.03.11"]
[Round "3"]
[White "Setina, Vaclav"]
[Black "Garabik, Marek"]
[Result "1-0"]
[WhiteElo "1388"]
[BlackElo "1355"]
[EventDate "2019.03.09"]

1. e4  e6  2. d4  d5
3. exd5  exd5 4. Bd3 Nc6  5. Ne2
Bd6  6. c3  Nge7
7. Bf4  Bf5  8. O-O
O-O  9. Bxd6  Qxd6
10. Ng3  Qg6  11. Nxf5
Nxf5  12. g4  Qg5
13. Bxf5  Ne7  14. Bd3
f5  15. f4  Qh4
16. g5  h6  17. Qe1  Qg4+
18. Qg3  Qh5  19. Nd2
Kf7  20. Nf3  Rh8
21. Ne5+  Kf8  22. g6
Nc6  23. Rae1  1-0

[Event "MCR mladeze 2019 - H10"]
[Site "Kouty nad Desnou"]
[Date "2019.03.11"]
[Round "3"]
[White "Finek, Vaclav"]
[Black "Babula, Matej"]
[Result "1-0"]
[WhiteElo "1903"]
[BlackElo "1188"]
[EventDate "2019.03.09"]

1. d4  d5  2. c4  e6
3. Nc3  Nf6  4. cxd5
exd5  5. Bg5  Be7
6. e3  O-O  7. Bd3
h6  8. Bh4  b6
9. Nge2  Bb7  10. O-O  Nbd7
11. Rc1  c5  12. Qc2
c4  13. Bf5  a6
14. b3  b5  15. bxc4  dxc4
16. Bxf6  Nxf6  17. Nf4
Bd6  18. Nfe2  Qc7
19. Ng3  Rfe8  20. Rfe1
Re7  21. e4  Bxg3
22. hxg3  Rae8  23. e5
Nd5  24. Ne4  Nb4
25. Qd2  Bxe4  26. Bxe4
Nc6  27. f4  Qb6
28. Bxc6  Qxc6  29. d5
Qc5+  30. Kh2  Rd7
31. d6  f6  32. Qb2
fxe5  33. fxe5  Rf7
34. Re4  Rf2  35. Qd4
Qxd4  36. Rxd4  Re2
37. d7  Rd8  38. Rd5
Kf7  39. a4  Ke7
40. axb5  axb5  41. Rxb5
Rxd7  42. Rxc4  Rd1
43. Rc6  Rd7  44. Kh3
Rdd2  45. Rb7+  Rd7
46. Rxd7+  Kxd7  47. Rg6
Rxe5  48. Rxg7+  Ke8
49. Kh4  Re2  50. Kh5
Rxg2  51. Kxh6  Kf8
52. Rg4  Kf7  53. Kg5
Ra2  54. Rf4+  Kg7
55. Rf5  Ra6  56. g4
Rg6+  57. Kh4  Rh6+
58. Kg3  Re6  59. Ra5
Rb6  60. Ra4  Rc6
61. g5  Rb6  62. Kg4
Rc6  63. Kh5  Rc1
64. Ra7+  Kg8  65. Kh6
Rg1  66. Kg6  Kf8
67. Ra8+  Ke7  68. Rh8
Rf1  69. Kg7  Rf7+
70. Kh6  Rf1  71. g6
Rh1+  72. Kg7  Rg1
73. Rh2  Rg3  74. Re2+
Kd7  75. Kf7  Rf3+
76. Kg8  Rg3  77. g7
Rg4  78. Re5  Kd6
79. Re1  Rg2  80. Re4
Rb2 1-0

[Event "MCR mladeze 2019 - H10"]
[Site "Kouty nad Desnou"]
[Date "2019.03.11"]
[Round "3"]
[White "Hobza, Richard"]
[Black "Gorej, Vojtech"]
[Result "1-0"]
[WhiteElo "1116"]
[BlackElo "1346"]
[EventDate "2019.03.09"]

1. e4  e6  2. d4  d5
3. exd5  exd5  4. Bd3
Bd6  5. h3  Nf6
6. Bg5  O-O  7. Nd2  Re8+
8. Ne2  h6  9. Bxf6
Qxf6  10. O-O  Nc6
11. c3  Ne7  12. Qc2
Bf5  13. Rfe1  Bxd3
14. Qxd3  c6  15. Nf3
Nf5  16. Rad1  Re6
17. Qd2  Nh4  18. Nxh4
Qxh4  19. Nc1  Rg6
20. Qd3  Rf6  21. Re2
Qf4  22. g3  Qg5
23. Nb3  h5  24. h4
Qg4  25. Kg2  g5
26. hxg5  Qxg5  27. Rh1
Rg6  28. Kf1  Rf6
29. Ke1  Kg7  30. Kd1
Rh8  31. Qd2  Qg4
32. Rh4  Qg6  33. Qc2
Qxc2+  34. Kxc2  b6
35. Nc1  Re6  36. Rxe6
fxe6  37. Nd3  Kg6
38. Nf4+  Bxf4  39. Rxf4
Kg7  40. a4  Rf8
41. Rxf8  Kxf8  42. Kd3
Kf7  43. Ke3  Kf6
44. Kf4  c5  45. b4
c4  46. b5  Kf7
47. Ke5  Ke7  48. f4  Kf7
49. f5  exf5  50. Kxf5
Ke7  51. Ke5  Kf7
52. Kxd5  Kf6  53. Kxc4
Kg5  54. d5  1-0

[Event "MCR mladeze 2019 - H12"]
[Site "Kouty nad Desnou"]
[Date "2019.03.11"]
[Round "3"]
[White "Brozka, Karel"]
[Black "Lang, Simon"]
[Result "0-1"]
[WhiteElo "1863"]
[BlackElo "1448"]
[EventDate "2019.03.09"]

1. d4  d5  2. Bf4  e6
3. Nf3  c5  4. e3
Nc6  5. c3  Nf6
6. Bd3  Be7  7. h3  b6
8. Bb5  Bd7  9. Bd3
O-O  10. Nbd2  cxd4
11. exd4  Ne8  12. Qc2
f5  13. O-O-O  Rc8
14. a3  Nc7  15. g4
b5  16. gxf5  exf5
17. Ne5  Nxd4  18. Qb1
Nce6  19. Be3  Rxc3+
20. bxc3  Bxa3+  21. Qb2
Bxb2+  22. Kxb2  Nc6
23. f4  Nxe5  24. fxe5
a5  25. Nb3  b4
26. cxb4  axb4  27. Rhf1  f4
28. Bd2  f3  29. Bxb4
Rf7  30. Be1  Ba4
31. Bc2  Bb5  32. Rf2
Be2  33. Ra1  Nf4
34. e6  Rb7  35. Ra3
d4  36. Be4  Rb8
37. Ka2  Nd3  38. Rxe2
Nb4+  39. Bxb4  fxe2
40. Be1  Qg5  41. Nd2
Qc5  42. Nb3  Qc4
43. Bb1  Kf8  44. Kb2
Qxe6  45. h4  Qe3
46. Ka2  Qg1  47. Nc5
Qxe1  48. Nd7+  Kg8
49. Nxb8  Qd2+  50. Ka1
e1=Q  51. Nd7  Qc3+
52. Rxc3  Qxc3+  53. Ka2
d3  54. Ne5  d2
55. Bxh7+  Kxh7  56. Ng6  Kxg6
0-1

[Event "MCR mladeze 2019 - H12"]
[Site "Kouty nad Desnou"]
[Date "2019.03.11"]
[Round "3"]
[White "Janous, Marek"]
[Black "Nemec, Jachym"]
[Result "1/2-1/2"]
[WhiteElo "1663"]
[BlackElo "1820"]
[EventDate "2019.03.09"]

1. e4  c5  2. Nf3  Nc6
3. d4  cxd4  4. Nxd4
Nf6  5. Nc3  e6
6. Ndb5  d6  7. Bf4  e5
8. Bg5  a6  9. Na3
b5  10. Bxf6  Qxf6
11. Nd5  Qd8  12. c3
Be7  13. Nc2  O-O
14. Bd3  Be6  15. Nce3
Bg5  16. O-O  Ne7
17. a4  Bxd5  18. Nxd5
Nxd5  19. exd5  bxa4
20. Rxa4  Qb6  21. Qh5
Bh6  22. g4  Qd8
23. h4  f6  24. g5
fxg5  25. Rg4  Rf4
26. Rxf4  gxf4  27. Ra1
a5  28. Qg4  Qe7
29. Be4  g6  30. Ra4
Kh8 1/2-1/2

[Event "MCR mladeze 2019 - H12"]
[Site "Kouty nad Desnou"]
[Date "2019.03.11"]
[Round "3"]
[White "Day, Tobias"]
[Black "Mohapl, Tomas"]
[Result "0-1"]
[WhiteElo "1440"]
[BlackElo "1575"]
[EventDate "2019.03.09"]

1. e4  c5  2. Nf3  d6
3. d4  cxd4  4. Nxd4
Nf6  5. Nc3  a6
6. f3  e5  7. Nb3  Be6
8. Bg5  Be7  9. Qd2
O-O  10. O-O-O  Nbd7
11. h4  b5  12. g4
b4  13. Nd5  Bxd5
14. exd5  a5  15. Bxf6
Nxf6  16. g5  Nh5
17. Bb5  a4  18. Na1
Qa5  19. Bc6  Ra7
20. Rh2  Bd8  21. Qg2
Bb6  22. Qg4  g6
23. Rf1  Be3+  24. Kb1
a3  25. b3  Bd4
26. Rd1  Qc5  27. c4  bxc3
28. Nc2  Be3  29. Nxe3
Qxe3  30. Qe4  Qc5
31. Rc2  f5  32. Qd3
Nf4  33. Qxc3  Qxc3
34. Rxc3  Kg7  35. Bb5
Ra5  36. Rc7+  Rf7
37. Rxf7+  Kxf7  38. Bc4
Ng2  39. Rh1  Ne3
40. Rh2  Rc5  41. Rc2
Nxc2  42. Kxc2  Ke7
43. Kc3  Kd7  44. b4
Rc7  45. b5  Ra7
46. Kb4  Kc7  47. Bd3
Kb6  48. Bc4  Rc7
49. Bd3  Rc5  50. h5
Rxd5  51. hxg6  hxg6
52. Kc3  Rxd3+  53. Kxd3
Kxb5  54. Kc3  e4
55. fxe4  fxe4  56. Kb3
Kc5  57. Kc3  d5
58. Kb3  Kd4  59. Kxa3
e3  60. Ka4  e2
61. Kb5  e1=Q  62. a4  Qe8+
63. Kb4  Qa8  64. Kb5
Ke3  65. Kc5  Qxa4
66. Kxd5  Qe4+  67. Kd6
Kd4  0-1

[Event "MCR mladeze 2019 - H12"]
[Site "Kouty nad Desnou"]
[Date "2019.03.11"]
[Round "3"]
[White "Soucek, Jan"]
[Black "Paseka, Matyas"]
[Result "0-1"]
[WhiteElo "1573"]
[BlackElo "1929"]
[EventDate "2019.03.09"]

1. e4  c5  2. Nf3  d6
3. d4  cxd4  4. Nxd4
Nf6  5. Nc3  a6
6. Be3  e5  7. Nf3  Qc7
8. a4  b6  9. Be2
Bb7  10. Nd2  Nbd7
11. f3  Be7  12. Nc4
O-O  13. Qd2  Rfd8
14. O-O  Nc5  15. b4
d5  16. bxc5  dxc4
17. cxb6  Qc6  18. Qc1
Bc5  19. a5  Bd4
20. Bxd4  exd4  21. Na2
Rac8  22. Rd1  Qc5
23. Kf1  Qe5  24. g3
d3  25. c3  dxe2+
26. Kxe2  Qh5  27. Qf4
Qxh2+  28. Ke3  Qb2
29. Rxd8+  Rxd8  30. Rd1
Re8  31. Qc7  Nxe4
32. Qe7  Qf2+  33. Kf4
g5+  34. Ke5 0-1

[Event "MCR mladeze 2019 - H12"]
[Site "Kouty nad Desnou"]
[Date "2019.03.11"]
[Round "3"]
[White "Werner, Hong Quan Dan"]
[Black "Buchta, Bartolomej"]
[Result "1-0"]
[WhiteElo "1723"]
[BlackElo "1648"]
[EventDate "2019.03.09"]

1. e4  c5  2. Nf3  d6
3. c3  Nf6  4. Be2
e6  5. O-O  Be7
6. Bb5+  Nbd7  7. Re1  O-O
8. d4  cxd4  9. cxd4
a6  10. Ba4  b5
11. Bc2  Bb7  12. a3  Rc8
13. Nc3  Re8  14. Qd3
e5  15. Be3  Qc7
16. Rac1  Ng4  17. Bb1
Qd8  18. Ba2  Nxe3
19. fxe3  Bf6  20. Nd5
Bxd5  21. Bxd5  Qb6
22. Qb3  Rxc1 23. Bxf7+  Kh8
24. Rxc1  Rd8  25. Qd5
Nb8  26. g4  Rf8
27. g5  Be7  28. Kf2
Qa7  29. Qe6  Qb7
30. Rg1  Qc7  31. Nh4
Bxg5 32. Rxg5  Qxf7+  33. Rf5
Qxe6  34. Rxf8+  Qg8
35. Rxg8+  Kxg8  36. Nf5
exd4  37. exd4  Nc6
38. d5  Ne5  39. Nxd6
Kf8  40. b3  g6
41. h3  Ke7  42. Nb7  Nd7
43. Ke3  Kf6  44. b4
Ke5  45. Nc5  Nb6
46. Nd3+  Kd6  47. Kd4
Nc4  48. e5+  Ke7
49. Nc5  h5  50. d6+
Kd8  51. Kd5  g5
52. e6  g4  53. Nb7+
Kc8  54. d7+  Kxb7
55. d8=Q  gxh3  56. Qd7+
Kb8  57. Qd8+  Kb7
58. Qh4  Ne3+  59. Ke4
Ng4  60. e7  h2
61. Kf3  1-0